000 00562nam a2200193Ia 4500
005 20250326140651.0
008 250326s9999 xx 000 0 und d
037 _aTextbook
040 _aFMSL
_beng
_cFMSL
041 _aeng
_2eng
084 _aY:1 Q0
_qFMSL
100 _aBose P
_9742809
245 0 _aCultural critique and the global corporation
_cBose P And Others
260 _aBloomington
_bBloomington, Indiana University
_c2010
365 _b3228.5500000000002
650 _aManagement
942 _cTB
_hY:1 Q0
999 _c1286807
_d1286807